| 000 | 00494ntaaa2200193 4500 | ||
|---|---|---|---|
| 003 | 01 | ||
| 005 | 20251027202929.0 | ||
| 008 | 0714s1973 ag 01 | ||
| 040 |
_aAR-BaBN _bspa _cAR-BaBN _eaacr _dRIC |
||
| 082 | _a922.6000 M524 | ||
| 100 |
_aMell Jr., P.H. _929910 |
||
| 245 | _aLife of Patrick Hues Mell | ||
| 250 | _a1 ed. | ||
| 260 |
_aLouisville, KY : _bBaptist Book Concern, _c1895 |
||
| 300 | _a258 p | ||
| 650 |
_abiografĂa _91311 |
||
| 650 |
_aMell, Patrick Hues _929911 |
||
| 942 | _cBK | ||
| 999 |
_c24576 _d24576 |
||